=LDR 00000nam 2200000 4500 =001 INLIS000000000036244 =005 20230531012623 =035 ##$$a 0010-061300000036244 =008 230531###########################0###### =041 ##$$a Ind =082 ##$$a F Rom K =090 ##$$a F Rom K, Der y =100 ##$$a Derib =245 1#$$a Yakari terowongan angkasa, Derib, Job ; penerjemah, Arini ; editor, Niken Djokosuratno S =260 ##$$a 2010 :$b Jakarta =300 ##$$a 47 hlm, ilus, 25 cm =650 #4$$a Fiksi kanak-kanak =700 #$$a Jokosuratno, Niken =850 ##$$a NBPNMAT =990 ##$$a 0001/BPAP-NTB/2016 =990 ##$$a 21100926